[Event "EU-ch Rapid"]
[Site "Katowice"]
[Date "2022.12.18"]
[Round "11"]
[White "Fistek, Dariusz"]
[Black "Grabarczyk, Miroslaw"]
[Result "0-1"]
[WhiteElo "2158"]
[BlackElo "2337"]
[PlyCount "122"]
[EventDate "2022.12.17"]
[EventType "swiss (rapid)"]
[EventRounds "11"]
[EventCountry "POL"]
[SourceTitle "CBM 211 Extra"]
[Source "ChessBase"]
[SourceDate "2023.01.31"]
[SourceVersion "1"]
[SourceVersionDate "2023.01.31"]
[SourceQuality "1"]

1. d4 Nf6 2. c4 e6 3. Nf3 d5 4. Nc3 Be7 5. Bg5 h6 6. Bh4 0-0 7. e3 Nbd7 8. Rc1 c6 9. Bd3 b6 10. cxd5 cxd5 11. 0-0 Bb7 12. Qe2 a6 13. h3 b5 14. a3 Rc8 15. Bg3 Qb6 16. Ne5 Nxe5 17. Bxe5 Nd7 18. Bg3 b4 19. axb4 Bxb4 20. Na4 Qa7 21. Ra1 a5 22. Bb5 Bc6 23. Rfc1 Qa8 24. Ba6 Bb7 25. Bb5 Rxc1+ 26. Rxc1 Rc8 27. Bc7 Bd6 28. Bxd7 Rxc7 29. Rxc7 Bxc7 30. Qb5 Ba6 31. Qc5 Qb8 32. Qc6 Qb7 33. Qxb7 Bxb7 34. Nc5 Ba8 35. f4 Bb6 36. Kf2 Bd8 37. Ke2 Kf8 38. Kd3 Bh4 39. g4 Ke7 40. Bb5 Kd6 41. Be8 f6 42. e4 dxe4+ 43. Nxe4+ Ke7 44. Bb5 g5 45. fxg5 hxg5 46. Ke3 f5 47. gxf5 exf5 48. Nf2 Bg2 49. Bc4 Bxf2+ 50. Kxf2 Bxh3 51. Kg3 Bg4 52. Bd3 Kf6 53. Bc4 Bh5 54. Bb5 Bf7 55. Bc6 Ke7 56. Bb7 Kd6 57. Bc8 Be6 58. Bb7 Bd5 59. Bc8 Be4 60. Kf2 Kd5 61. Ke3 f4+ 0-1

[Event "EU-ch Rapid"]
[Site "Katowice"]
[Date "2022.12.18"]
[Round "10"]
[White "Grabarczyk, Miroslaw"]
[Black "Gorkiewicz, Mateusz"]
[Result "1/2-1/2"]
[WhiteElo "2337"]
[BlackElo "2076"]
[PlyCount "102"]
[EventDate "2022.12.17"]
[EventType "swiss (rapid)"]
[EventRounds "11"]
[EventCountry "POL"]
[SourceTitle "CBM 211 Extra"]
[Source "ChessBase"]
[SourceDate "2023.01.31"]
[SourceVersion "1"]
[SourceVersionDate "2023.01.31"]
[SourceQuality "1"]

1. d4 Nf6 2. c4 e6 3. g3 d5 4. Bg2 Be7 5. Nf3 0-0 6. 0-0 dxc4 7. Qc2 a6 8. a4 Bd7 9. Qxc4 Bc6 10. Bg5 Nbd7 11. Nc3 h6 12. Bxf6 Nxf6 13. Qd3 Bxf3 14. Bxf3 c6 15. Rfd1 Qc7 16. Qc4 Rac8 17. a5 Rfd8 18. Rd3 e5 19. d5 cxd5 20. Qxc7 Rxc7 21. Nxd5 Nxd5 22. Rxd5 Rxd5 23. Bxd5 Bb4 24. e4 Kf8 25. Ra4 Bc5 26. h4 Ke7 27. Kg2 Kd6 28. h5 g6 29. hxg6 fxg6 30. f3 Bd4 31. b3 Bc3 32. f4 Be1 33. Bc4 Rc5 34. Ra1 Bxa5 35. Rd1+ Ke7 36. Bd5 Rc2+ 37. Kh3 Rc3 38. Kg4 h5+ 39. Kh4 exf4 40. gxf4 Bd8 41. Kg5 Rg3+ 42. Kh6 Bc7 43. e5 Rg4 44. Rf1 Ba5 45. f5 Bd2+ 46. Kh7 gxf5 47. Rxf5 h4 48. Bxb7 a5 49. Bd5 Rg5 50. Rxg5 Bxg5 51. Kg6 Bd2 1/2-1/2

[Event "EU-ch Rapid"]
[Site "Katowice"]
[Date "2022.12.18"]
[Round "8"]
[White "Sebenik, Matej"]
[Black "Grabarczyk, Miroslaw"]
[Result "1-0"]
[WhiteElo "2538"]
[BlackElo "2337"]
[PlyCount "91"]
[EventDate "2022.12.17"]
[EventType "swiss (rapid)"]
[EventRounds "11"]
[EventCountry "POL"]
[SourceTitle "CBM 211 Extra"]
[Source "ChessBase"]
[SourceDate "2023.01.31"]
[SourceVersion "1"]
[SourceVersionDate "2023.01.31"]
[SourceQuality "1"]

1. d4 Nf6 2. Nf3 d5 3. c4 e6 4. g3 Bb4+ 5. Nbd2 Nc6 6. Bg2 dxc4 7. 0-0 Bxd2 8. Qxd2 Rb8 9. Qc2 Nxd4 10. Nxd4 Qxd4 11. Be3 Qe5 12. Qxc4 0-0 13. Bxa7 Ra8 14. Bd4 Qa5 15. b4 Qa4 16. Qxc7 Nd5 17. Bxd5 exd5 18. Qe5 f6 19. Qxd5+ Kh8 20. Bc5 Re8 21. Rfe1 Qb5 22. Qd2 Bd7 23. f3 Bc6 24. a4 Rxa4 25. Rxa4 Qxa4 26. Kf2 Qb3 27. g4 h6 28. h4 Qc4 29. Be3 Kh7 30. Rc1 Qe6 31. Bf4 Bb5 32. e4 Ra8 33. Kg3 Bc4 34. b5 Bxb5 35. Rc7 Rc8 36. Rxb7 Bc6 37. Ra7 Ra8 38. Rxa8 Bxa8 39. g5 hxg5 40. hxg5 f5 41. Qa5 Bc6 42. exf5 Qe2 43. g6+ Kh8 44. Qd8+ Qe8 45. Qh4+ Kg8 46. Qh7+ 1-0

[Event "EU-ch Rapid"]
[Site "Katowice"]
[Date "2022.12.18"]
[Round "7"]
[White "Tazbir, Marcin"]
[Black "Grabarczyk, Miroslaw"]
[Result "1/2-1/2"]
[WhiteElo "2508"]
[BlackElo "2337"]
[PlyCount "97"]
[EventDate "2022.12.17"]
[EventType "swiss (rapid)"]
[EventRounds "11"]
[EventCountry "POL"]
[SourceTitle "CBM 211 Extra"]
[Source "ChessBase"]
[SourceDate "2023.01.31"]
[SourceVersion "1"]
[SourceVersionDate "2023.01.31"]
[SourceQuality "1"]

1. c4 e6 2. g3 Nf6 3. Bg2 d5 4. Nf3 dxc4 5. Qa4+ Nbd7 6. Qxc4 c5 7. 0-0 b6 8. Nc3 Bb7 9. a4 a6 10. e4 Be7 11. Rd1 e5 12. d3 0-0 13. Nh4 Nb8 14. Nf5 Nc6 15. Bg5 Nb4 16. Bxf6 Bxf6 17. a5 g6 18. Ne3 Rc8 19. axb6 Qxb6 20. Bh3 Rc7 21. Ncd5 Nxd5 22. Nxd5 Bxd5 23. exd5 Ra8 24. Bg2 Raa7 25. Rab1 Be7 26. h4 Bd6 27. h5 Qb4 28. Qc1 Qg4 29. hxg6 hxg6 30. Qe3 Kg7 31. Rdc1 Qh5 32. Rc4 Qh6 33. Qe1 Qg5 34. Qc3 Rab7 35. Qa5 Rb3 36. Qxa6 Qe7 37. Rc3 Rb4 38. Rc4 Ra7 39. Qc8 Rab7 40. Rxb4 Rxb4 41. Qc6 Qd8 42. b3 Rb6 43. Qa4 Qb8 44. Qc4 Rb4 45. Qc2 Qb5 46. Bf3 Rd4 47. Rd1 Rb4 48. Rb1 Rd4 49. Rd1 1/2-1/2

[Event "EU-ch Blitz"]
[Site "Katowice"]
[Date "2022.12.16"]
[Round "17"]
[White "Azarov, Sergei Nikolaevich"]
[Black "Grabarczyk, Miroslaw"]
[Result "1-0"]
[WhiteElo "2562"]
[BlackElo "2337"]
[PlyCount "35"]
[EventDate "2022.12.16"]
[EventType "swiss (blitz)"]
[EventRounds "22"]
[EventCountry "POL"]
[SourceTitle "CBM 211 Extra"]
[Source "ChessBase"]
[SourceDate "2023.01.31"]
[SourceVersion "1"]
[SourceVersionDate "2023.01.31"]
[SourceQuality "1"]

1. e4 e5 2. Nf3 Nf6 3. Nxe5 d6 4. Nf3 Nxe4 5. d4 d5 6. Bd3 Nd6 7. 0-0 Be7 8. Bf4 0-0 9. h3 Re8 10. Nbd2 Nd7 11. c3 Nf8 12. Qc2 g6 13. Rfe1 c6 14. Ne5 Bf5 15. Ng4 Bxd3 16. Qxd3 Nf5 17. Be5 Qd7 18. Qxf5 1-0

[Event "EU-ch Blitz"]
[Site "Katowice"]
[Date "2022.12.16"]
[Round "18"]
[White "Grabarczyk, Miroslaw"]
[Black "Azarov, Sergei Nikolaevich"]
[Result "1/2-1/2"]
[WhiteElo "2337"]
[BlackElo "2562"]
[PlyCount "57"]
[EventDate "2022.12.16"]
[EventType "swiss (blitz)"]
[EventRounds "22"]
[EventCountry "POL"]
[SourceTitle "CBM 211 Extra"]
[Source "ChessBase"]
[SourceDate "2023.01.31"]
[SourceVersion "1"]
[SourceVersionDate "2023.01.31"]
[SourceQuality "1"]

1. d4 Nf6 2. c4 e6 3. Nf3 d5 4. g3 dxc4 5. Qa4+ Nbd7 6. Qxc4 a6 7. Bf4 Nd5 8. Bg5 Be7 9. Bxe7 Nxe7 10. Bg2 b5 11. Qc2 Bb7 12. Nbd2 h6 13. 0-0 0-0 14. Rfc1 Rc8 15. Ng5 hxg5 16. Bxb7 Rb8 17. Qxc7 Nf6 18. Nb3 Nf5 19. Bxa6 Nxd4 20. Qxd8 Rfxd8 21. Nxd4 Rxd4 22. Rc8+ Rxc8 23. Bxc8 Rd2 24. b4 Nd5 25. a4 bxa4 26. Rxa4 Rxe2 27. Bb7 Rb2 28. Bxd5 exd5 29. Ra5 1/2-1/2

[Event "EU-ch Blitz"]
[Site "Katowice"]
[Date "2022.12.16"]
[Round "14"]
[White "Grabarczyk, Miroslaw"]
[Black "Paehtz, Elisabeth"]
[Result "1/2-1/2"]
[WhiteElo "2337"]
[BlackElo "2464"]
[PlyCount "70"]
[EventDate "2022.12.16"]
[EventType "swiss (blitz)"]
[EventRounds "22"]
[EventCountry "POL"]
[SourceTitle "CBM 211 Extra"]
[Source "ChessBase"]
[SourceDate "2023.01.31"]
[SourceVersion "1"]
[SourceVersionDate "2023.01.31"]
[SourceQuality "1"]

1. d4 e6 2. c4 b6 3. Nf3 Bb7 4. a3 f5 5. Nc3 Nf6 6. g3 g6 7. Bg2 Bg7 8. 0-0 0-0 9. Bg5 d6 10. Qc2 Qe8 11. Bxf6 Bxf6 12. e4 Bg7 13. exf5 gxf5 14. Rae1 Nd7 15. Re2 Nf6 16. Ng5 Bxg2 17. Kxg2 f4 18. f3 e5 19. dxe5 dxe5 20. Nce4 Qh5 21. Nxf6+ Bxf6 22. Ne4 Bg7 23. c5 Qg6 24. Qc4+ Kh8 25. Rd2 fxg3 26. hxg3 Rad8 27. Rfd1 Rxd2+ 28. Rxd2 Qf5 29. Qe2 Qe6 30. Qd3 Bh6 31. Rd1 Qf5 32. Nc3 Qg5 33. Ne4 Qf5 34. Nc3 Qg5 35. Ne4 Qf5 1/2-1/2

[Event "EU-ch Blitz"]
[Site "Katowice"]
[Date "2022.12.16"]
[Round "8"]
[White "Vidruska, Renate"]
[Black "Grabarczyk, Miroslaw"]
[Result "1/2-1/2"]
[WhiteElo "1991"]
[BlackElo "2337"]
[PlyCount "50"]
[EventDate "2022.12.16"]
[EventType "swiss (blitz)"]
[EventRounds "22"]
[EventCountry "POL"]
[SourceTitle "CBM 211 Extra"]
[Source "ChessBase"]
[SourceDate "2023.01.31"]
[SourceVersion "1"]
[SourceVersionDate "2023.01.31"]
[SourceQuality "1"]

1. e4 e5 2. Nf3 Nf6 3. d4 Nxe4 4. Bd3 d5 5. Nxe5 Nd7 6. Nxd7 Bxd7 7. 0-0 Bd6 8. Nc3 Nxc3 9. bxc3 0-0 10. Qh5 f5 11. Bg5 Qe8 12. Qh4 Qg6 13. Bf4 Bxf4 14. Qxf4 Qc6 15. Rab1 a6 16. Rfe1 b6 17. Re3 Rae8 18. Rg3 Qxc3 19. h4 Qc6 20. h5 Kh8 21. Qg5 Qf6 22. Qf4 Qc6 23. Qg5 Qf6 24. Qf4 Qc6 25. Qg5 Qf6 1/2-1/2

[Event "POL-ch blitz"]
[Site "Suwalki"]
[Date "2022.09.24"]
[Round "13"]
[White "Liskiewicz, Jakub"]
[Black "Grabarczyk, Miroslaw"]
[Result "0-1"]
[WhiteElo "1770"]
[BlackElo "2337"]
[PlyCount "45"]
[EventDate "2022.09.24"]
[EventType "swiss (blitz)"]
[EventRounds "15"]
[EventCountry "POL"]
[SourceTitle "CBM 210 Extra"]
[Source "ChessBase"]
[SourceDate "2022.11.30"]
[SourceVersion "1"]
[SourceVersionDate "2022.11.30"]
[SourceQuality "1"]

1. d4 d5 2. c4 dxc4 3. e3 a6 4. a4 Nf6 5. Bxc4 Nc6 6. Nf3 Bg4 7. 0-0 e6 8. Nc3 Bd6 9. h3 Bh5 10. Re1 0-0 11. b3 Re8 12. Bb2 Qd7 13. g4 Bg6 14. e4 Bb4 15. d5 exd5 16. exd5 Rxe1+ 17. Qxe1 Re8 18. Qd2 Na5 19. Qd4 Nxc4 20. bxc4 Qd6 21. Na2 Bc5 22. Qc3 Qg3+ 23. Kh1 0-1

[Event "POL-ch blitz"]
[Site "Suwalki"]
[Date "2022.09.24"]
[Round "7"]
[White "Zianowicz, Dominik"]
[Black "Grabarczyk, Miroslaw"]
[Result "0-1"]
[WhiteElo "1950"]
[BlackElo "2337"]
[PlyCount "64"]
[EventDate "2022.09.24"]
[EventType "swiss (blitz)"]
[EventRounds "15"]
[EventCountry "POL"]
[SourceTitle "CBM 210 Extra"]
[Source "ChessBase"]
[SourceDate "2022.11.30"]
[SourceVersion "1"]
[SourceVersionDate "2022.11.30"]
[SourceQuality "1"]

1. d4 d5 2. c4 dxc4 3. Nc3 a6 4. a4 Nc6 5. e3 e5 6. Nf3 exd4 7. exd4 Nf6 8. Bxc4 Bd6 9. 0-0 0-0 10. h3 Bf5 11. Re1 h6 12. Be3 Re8 13. Qb3 Qd7 14. Nd5 Nxd5 15. Bxd5 Rab8 16. Rac1 Be4 17. Bxe4 Rxe4 18. Qc2 Ree8 19. Red1 Nb4 20. Qc4 Qxa4 21. Ne5 Re7 22. Bd2 Qb5 23. Qxb5 axb5 24. Bxb4 Bxb4 25. f4 Rd8 26. Nf3 c6 27. Ra1 Re2 28. Ra7 Rd7 29. b3 Kh7 30. Ne5 Re7 31. Kf1 Rb2 32. Nxc6 bxc6 0-1

[Event "Ustron op-A"]
[Site "Ustron"]
[Date "2022.08.19"]
[Round "8"]
[White "Grabarczyk, Miroslaw"]
[Black "Ljepic, Andrej"]
[Result "1-0"]
[WhiteElo "2364"]
[BlackElo "2231"]
[PlyCount "114"]
[EventDate "2022.08.12"]
[EventType "swiss"]
[EventRounds "9"]
[EventCountry "POL"]
[SourceTitle "CBM 210 Extra"]
[Source "ChessBase"]
[SourceDate "2022.11.30"]
[SourceVersion "1"]
[SourceVersionDate "2022.11.30"]
[SourceQuality "1"]

1. d4 Nf6 2. c4 e6 3. Nf3 Nc6 4. Nc3 d6 5. g3 g6 6. Bg2 Bg7 7. 0-0 0-0 8. Bf4 h6 9. e4 g5 10. Bc1 e5 11. d5 Ne7 12. c5 Ne8 13. cxd6 cxd6 14. Nd2 f5 15. exf5 Nxf5 16. Nde4 Bd7 17. a4 Rc8 18. Bd2 Nd4 19. Be3 Qb6 20. Nb5 a6 21. Nxd4 exd4 22. Bd2 Qxb2 23. Rb1 Qc2 24. Rxb7 Qxd1 25. Rxd1 Bxa4 26. Ra1 Bb5 27. Bf1 d3 28. Ra3 Bd4 29. Bxd3 Rc7 30. Rxc7 Nxc7 31. Bxb5 axb5 32. Rd3 Be5 33. Bb4 Ne8 34. Ra3 Nc7 35. Bxd6 Bxd6 36. Nxd6 Nxd5 37. Nxb5 Kg7 38. Nd4 Kg6 39. Kg2 Rf6 40. h3 Rb6 41. Ra5 Nf6 42. Re5 Ra6 43. Re7 Ra4 44. Nf3 Ng8 45. Rb7 Re4 46. Rb5 Re6 47. h4 gxh4 48. Nxh4+ Kf6 49. g4 Ra6 50. Nf5 Kg6 51. Kg3 Nf6 52. Nh4+ Kf7 53. Rb7+ Ke6 54. f3 Ra3 55. Rb6+ Kf7 56. Nf5 Ra4 57. g5 Nh5+ 1-0

[Event "Ustron op-A"]
[Site "Ustron"]
[Date "2022.08.12"]
[Round "1"]
[White "Grabarczyk, Miroslaw"]
[Black "Chyzy, Jakub"]
[Result "1/2-1/2"]
[WhiteElo "2364"]
[BlackElo "2232"]
[PlyCount "28"]
[EventDate "2022.08.12"]
[EventType "swiss"]
[EventRounds "9"]
[EventCountry "POL"]
[SourceTitle "CBM 210 Extra"]
[Source "ChessBase"]
[SourceDate "2022.11.30"]
[SourceVersion "1"]
[SourceVersionDate "2022.11.30"]
[SourceQuality "1"]

1. d4 Nf6 2. c4 e6 3. Nf3 Bb4+ 4. Bd2 Qe7 5. Nc3 b6 6. e3 Bb7 7. Be2 0-0 8. 0-0 d6 9. Nb1 Bxd2 10. Nbxd2 Ne4 11. Nxe4 Bxe4 12. Nd2 Bb7 13. Bf3 Bxf3 14. Qxf3 Nd7 1/2-1/2

[Event "Warsaw Maciei Memorial"]
[Site "Warsaw"]
[Date "2022.07.08"]
[Round "9"]
[White "Grabarczyk, Miroslaw"]
[Black "Boryna, Szymon"]
[Result "1-0"]
[WhiteElo "2371"]
[BlackElo "1434"]
[PlyCount "93"]
[EventDate "2022.07.08"]
[EventType "swiss (blitz)"]
[EventRounds "11"]
[EventCountry "POL"]
[SourceTitle "CBM 209 Extra"]
[Source "ChessBase"]
[SourceDate "2022.09.30"]
[SourceVersion "1"]
[SourceVersionDate "2022.09.30"]
[SourceQuality "1"]

1. d4 d5 2. c4 e6 3. Nf3 Nf6 4. g3 Be7 5. Bg2 0-0 6. 0-0 Nbd7 7. cxd5 Nxd5 8. e4 N5f6 9. Qe2 b6 10. Nc3 Bb7 11. Rd1 c5 12. d5 exd5 13. e5 Ne4 14. Nxd5 f5 15. exf6 Nexf6 16. Nxe7+ Kh8 17. Nf5 Re8 18. Be3 Qc7 19. Nd6 Re7 20. Nxb7 Qxb7 21. Ne5 Qb8 22. Nxd7 Rxd7 23. Rxd7 Nxd7 24. Rd1 Nf6 25. Qd2 Qf8 26. Bxa8 Qxa8 27. Qd8+ Qxd8 28. Rxd8+ Ng8 29. Ra8 h6 30. Rxa7 Nf6 31. Bd2 Ne4 32. Bc3 Nd6 33. Rxg7 Ne8 34. Re7+ Kg8 35. Rxe8+ Kf7 36. Rb8 Ke6 37. Rxb6+ Kd5 38. a4 c4 39. a5 Kc5 40. Rxh6 Kb5 41. a6 Ka4 42. a7 Kb3 43. a8Q Kc2 44. Qa4+ Kd3 45. Rd6+ Ke4 46. Qxc4+ Kf5 47. Qf4# 1-0

[Event "Warsaw Maciei Memorial"]
[Site "Warsaw"]
[Date "2022.07.08"]
[Round "10"]
[White "Paprocki, Jaroslaw"]
[Black "Grabarczyk, Miroslaw"]
[Result "0-1"]
[WhiteElo "2165"]
[BlackElo "2371"]
[PlyCount "104"]
[EventDate "2022.07.08"]
[EventType "swiss (blitz)"]
[EventRounds "11"]
[EventCountry "POL"]
[SourceTitle "CBM 209 Extra"]
[Source "ChessBase"]
[SourceDate "2022.09.30"]
[SourceVersion "1"]
[SourceVersionDate "2022.09.30"]
[SourceQuality "1"]

1. b3 d5 2. Bb2 Nf6 3. e3 e6 4. f4 Be7 5. Nf3 0-0 6. g3 c5 7. Bg2 Nc6 8. 0-0 b6 9. Ne5 Bb7 10. d3 Nxe5 11. Bxe5 Nd7 12. Bb2 Bf6 13. Bxf6 Qxf6 14. Nd2 e5 15. fxe5 Qxe5 16. e4 Nf6 17. exd5 Bxd5 18. Bxd5 Nxd5 19. Nc4 Qd4+ 20. Rf2 Rae8 21. Rc1 Nc3 22. Qf1 Ne2+ 23. Kg2 Qd5+ 24. Kh3 Nxc1 25. Qxc1 Re6 26. g4 b5 27. Nd2 Qg5 28. Qd1 Qe3+ 29. Rf3 Qe2 30. Qxe2 Rxe2 31. Ne4 Rxc2 32. a4 bxa4 33. bxa4 h6 34. Rf5 Rd8 35. Nxc5 Rd4 36. Re5 Kh7 37. Kg3 f6 38. Rf5 Rb4 39. a5 Rb5 40. d4 Rxa5 41. h4 Ra3+ 42. Kf4 Rf2+ 43. Ke4 Rxf5 44. gxf5 Kg8 45. d5 Kf7 46. d6 Ke8 47. Kd4 Ra1 48. h5 Rd1+ 49. Ke4 Rxd6 50. Nb7 Rd1 51. Na5 Kd7 52. Ke3 Rc1 0-1

[Event "POL-ch Ekstraliga-B Rapid"]
[Site "Bydgoszcz"]
[Date "2022.03.12"]
[Round "7.1"]
[White "Grabarczyk, Miroslaw"]
[Black "Szpar, Milosz"]
[Result "1/2-1/2"]
[WhiteElo "2371"]
[BlackElo "2434"]
[PlyCount "60"]
[EventDate "2022.03.11"]
[EventType "team-tourn (rapid)"]
[EventRounds "10"]
[EventCountry "POL"]
[SourceTitle "CBM 207 Extra"]
[Source "ChessBase"]
[SourceDate "2022.05.31"]
[SourceVersion "1"]
[SourceVersionDate "2022.05.31"]
[SourceQuality "1"]
[WhiteTeam "Plock Hetman"]
[BlackTeam "Czarna"]
[WhiteTeamCountry "POL"]
[BlackTeamCountry "POL"]

1. d4 Nf6 2. c4 c5 3. d5 e6 4. Nc3 exd5 5. cxd5 d6 6. Nf3 g6 7. h3 Bg7 8. e4 0-0 9. Bd3 b5 10. Bxb5 Nxe4 11. Nxe4 Qa5+ 12. Nfd2 Qxb5 13. Nxd6 Qa6 14. N2c4 Nd7 15. 0-0 Ne5 16. Nxe5 Qxd6 17. Nc6 Bb7 18. Be3 Bxc6 19. dxc6 Qxc6 20. Rc1 c4 21. Qc2 Rfc8 22. Rfd1 Rc7 23. Bd4 Rac8 24. Bxg7 Kxg7 25. Qc3+ Qf6 26. Rd6 Qxc3 27. Rxc3 Rb7 28. Rd2 Rb4 29. Kf1 Rcb8 30. a3 Rxb2 1/2-1/2

[Event "EU-ch Blitz"]
[Site "Katowice"]
[Date "2021.12.17"]
[Round "13"]
[White "Batashevs, Arsens"]
[Black "Grabarczyk, Miroslaw"]
[Result "1-0"]
[WhiteElo "2165"]
[BlackElo "2371"]
[PlyCount "79"]
[EventDate "2021.12.17"]
[EventType "swiss (blitz)"]
[EventRounds "22"]
[EventCountry "POL"]
[SourceTitle "CBM 205 Extra"]
[Source "ChessBase"]
[SourceDate "2022.01.31"]
[SourceVersion "1"]
[SourceVersionDate "2022.01.31"]
[SourceQuality "1"]

1. d4 d5 2. g3 Nf6 3. Bg2 Bf5 4. Nh3 e6 5. f3 c5 6. c3 Nc6 7. 0-0 Qb6 8. e3 Be7 9. Nf2 Bg6 10. Na3 0-0 11. Nc2 Rac8 12. Nd3 Bd6 13. a4 a6 14. f4 Rfe8 15. Ne5 Bxc2 16. Qxc2 cxd4 17. Nxc6 Rxc6 18. exd4 Qxd4+ 19. cxd4 Rxc2 20. Be3 Ng4 21. Bf2 Rec8 22. Rab1 Nxf2 23. Rxf2 Bb8 24. Re1 Ba7 25. Rxc2 Rxc2 26. Bxd5 Bxd4+ 27. Kh1 Bf2 28. Re4 Rxb2 29. f5 Kf8 30. fxe6 fxe6 31. Rxe6 a5 32. Bc4 b6 33. Bb5 Kf7 34. Rc6 Bc5 35. Bc4+ Ke7 36. Bb5 Rc2 37. Rc8 h6 38. Rc6 h5 39. h3 Bf2 40. Rxc2 1-0

[Event "EU-ch Blitz"]
[Site "Katowice"]
[Date "2021.12.17"]
[Round "7"]
[White "Grabarczyk, Miroslaw"]
[Black "Sadzikowski, Daniel"]
[Result "1/2-1/2"]
[WhiteElo "2371"]
[BlackElo "2525"]
[PlyCount "65"]
[EventDate "2021.12.17"]
[EventType "swiss (blitz)"]
[EventRounds "22"]
[EventCountry "POL"]
[SourceTitle "CBM 205 Extra"]
[Source "ChessBase"]
[SourceDate "2022.01.31"]
[SourceVersion "1"]
[SourceVersionDate "2022.01.31"]
[SourceQuality "1"]

1. d4 Nf6 2. c4 e6 3. Nf3 d5 4. g3 Be7 5. Bg2 0-0 6. 0-0 Nbd7 7. Qc2 c6 8. Nc3 b6 9. cxd5 cxd5 10. Bf4 Nh5 11. Bd2 Bb7 12. Rfc1 Rc8 13. a4 Nb8 14. Ne5 Nf6 15. Bf4 Nh5 16. Bd2 Nf6 17. Bf4 Nfd7 18. Nxd7 Qxd7 19. Bxb8 Rxb8 20. Qd3 Rfc8 21. Rc2 Rc4 22. b3 Rc7 23. Raa2 a6 24. e4 Rbc8 25. exd5 exd5 26. Ne2 Bf6 27. h4 a5 28. Nf4 Rxc2 29. Rxc2 Rxc2 30. Qxc2 Bxd4 31. Qd3 Bc5 32. Nxd5 Bxd5 33. Bxd5 1/2-1/2

[Event "EU-ch Blitz"]
[Site "Katowice"]
[Date "2021.12.17"]
[Round "16"]
[White "Seemann, Jakub"]
[Black "Grabarczyk, Miroslaw"]
[Result "1/2-1/2"]
[WhiteElo "2312"]
[BlackElo "2371"]
[PlyCount "161"]
[EventDate "2021.12.17"]
[EventType "swiss (blitz)"]
[EventRounds "22"]
[EventCountry "POL"]
[SourceTitle "CBM 205 Extra"]
[Source "ChessBase"]
[SourceDate "2022.01.31"]
[SourceVersion "1"]
[SourceVersionDate "2022.01.31"]
[SourceQuality "1"]

1. d4 d5 2. c4 e6 3. Nf3 Nf6 4. g3 Bb4+ 5. Bd2 Be7 6. Bg2 0-0 7. 0-0 c6 8. Qc2 b6 9. Nc3 Bb7 10. e4 dxe4 11. Nxe4 Nbd7 12. Rad1 Nxe4 13. Qxe4 Nf6 14. Qc2 c5 15. dxc5 bxc5 16. Bc3 Qc7 17. Be5 Qb6 18. Rfe1 Rad8 19. Rc1 h6 20. b3 Rd7 21. Bc3 Rfd8 22. Ne5 Rd6 23. Bxb7 Qxb7 24. Qe2 Rc8 25. Ng4 Nxg4 26. Qxg4 Bf8 27. Re5 Qd7 28. Rce1 Rd3 29. Ba1 Rd8 30. Kg2 Qc6+ 31. Qe4 Qxe4+ 32. R5xe4 Rd2 33. R4e2 Be7 34. Bc3 R2d3 35. Bb2 Bf6 36. Bxf6 gxf6 37. Rb1 Rd2 38. Kf1 Rd1+ 39. Rxd1 Rxd1+ 40. Re1 Rd2 41. Re2 Rd1+ 42. Kg2 a5 43. Rc2 Kf8 44. Kf3 Ke7 45. Ke2 Rh1 46. h4 Ra1 47. Kd3 f5 48. Kc3 Rb1 49. Rd2 f6 50. a3 Re1 51. b4 axb4+ 52. axb4 Rc1+ 53. Kd3 cxb4 54. Rb2 Rc3+ 55. Kd4 Rf3 56. Rxb4 Rxf2 57. Rb7+ Kd6 58. Rb6+ Kd7 59. Kc5 f4 60. gxf4 Rxf4 61. Rb7+ Ke8 62. h5 f5 63. Rc7 Rh4 64. Kd6 f4 65. Kxe6 Kd8 66. Rd7+ Kc8 67. Rd5 f3 68. Rf5 f2 69. Kd6 Rd4+ 70. Kc5 Rd2 71. Kc6 Kd8 72. c5 Ke7 73. Kc7 Ke6 74. Rf3 Ke5 75. c6 Ke4 76. Rf8 Ke3 77. Kb8 Rb2+ 78. Ka7 Ra2+ 79. Kb7 Rb2+ 80. Ka7 Ra2+ 81. Kb7 1/2-1/2

[Event "EU-ch Blitz"]
[Site "Katowice"]
[Date "2021.12.17"]
[Round "17"]
[White "Smolik, Jachym"]
[Black "Grabarczyk, Miroslaw"]
[Result "0-1"]
[WhiteElo "2244"]
[BlackElo "2371"]
[PlyCount "95"]
[EventDate "2021.12.17"]
[EventType "swiss (blitz)"]
[EventRounds "22"]
[EventCountry "POL"]
[SourceTitle "CBM 205 Extra"]
[Source "ChessBase"]
[SourceDate "2022.01.31"]
[SourceVersion "1"]
[SourceVersionDate "2022.01.31"]
[SourceQuality "1"]

1. d4 d5 2. c4 e6 3. Nc3 Be7 4. Nf3 Nf6 5. Bf4 0-0 6. e3 Nbd7 7. c5 c6 8. Bd3 Nh5 9. Bg3 b6 10. b4 a5 11. a3 Ba6 12. Bxa6 Rxa6 13. Ne5 Nxe5 14. Bxe5 g6 15. g4 Nf6 16. Qe2 Qa8 17. b5 cxb5 18. Nxb5 Qc6 19. cxb6 Rxb6 20. a4 Bb4+ 21. Kf1 Ne4 22. Kg2 Rc8 23. h4 f6 24. Bg3 Qc2 25. Qf3 Nxg3 26. Qxg3 Qe4+ 27. Qf3 Rc2 28. Rhc1 Rbc6 29. Rxc2 Rxc2 30. Qxe4 dxe4 31. Kg3 f5 32. gxf5 exf5 33. Rd1 Kf7 34. d5 Ke7 35. Nd4 Bd6+ 36. Kg2 Ra2 37. Nc6+ Kd7 38. Nxa5 Rxa4 39. Nb3 Ra2 40. Nd4 Bc5 41. Kg3 Kd6 42. Ne6 Bb6 43. Nf8 Ra5 44. Nxh7 Rxd5 45. Rxd5+ Kxd5 46. Kf4 Ke6 47. Ng5+ Kf6 48. Nh7+ 0-1